书目信息 |
| 题名: |
土力学与地基处理
|
|
| 作者: | 王保田,张福海主编 | |
| 分册: | ||
| 出版信息: | 南京 河海大学出版社 2005.03 |
|
| 页数: | ||
| 开本: | 26cm | |
| 丛书名: | ||
| 单 册: | ||
| 中图分类: | TU4 | |
| 科图分类: | ||
| 主题词: | 地基处理-高等学校-教材 | |
| 电子资源: | ||
| ISBN: | 7-5630-2085-3 | |
| 000 | 00769nam0 2200217 45 | |
| 001 | 010456981048 | |
| 005 | 20070607100425.35 | |
| 010 | @a7-5630-2085-3@dCNY26.00 | |
| 100 | @a20061027d2005 ekmy0 y0120 ea | |
| 102 | @aCN@b320000 | |
| 105 | @ay z 000yy | |
| 200 | 1 | @a土力学与地基处理@f王保田,张福海主编 |
| 210 | @a南京@c河海大学出版社@d2005.03 | |
| 215 | @d26cm | |
| 330 | @a本教材比较严密地阐述土力学经典理论,试图从机理上说明常用的地基处理方法,并给出设计、计算和质量验收方法及验收标准。本教材主要面向土木、水利、交通类各专业的本科生,同时也可作为土木工程、岩土工程和水利工程工作者的参考书。 | |
| 606 | 1 | @a地基处理-高等学校-教材 |
| 690 | @aTU4@v4 | |
| 701 | 0 | @a王保田,张福海主编 |
| 801 | 0 | @aCN@c20070607 |
| 905 | @dTU4@eW106 | |
| 906 | @dCNY26.00@n3@r1 | |
| 土力学与地基处理/王保田,张福海主编.-南京:河海大学出版社,2005.03 |
| 26cm |
| ISBN 7-5630-2085-3:CNY26.00 |
| 本教材比较严密地阐述土力学经典理论,试图从机理上说明常用的地基处理方法,并给出设计、计算和质量验收方法及验收标准。本教材主要面向土木、水利、交通类各专业的本科生,同时也可作为土木工程、岩土工程和水利工程工作者的参考书。 |
| ● |
| 相关链接 |
|
|
|
正题名:土力学与地基处理
索取号:TU4/W106
 
预约/预借
| 序号 | 登录号 | 条形码 | 馆藏地/架位号 | 状态 | 备注 |
| 1 | 231343 | 202313433 | 建筑库101/101建筑库 92排4列5层/ [索取号:TU4/W106] | 在馆 | |
| 2 | 231344 | 202313442 | 建筑库101/101建筑库 92排4列5层/ [索取号:TU4/W106] | 在馆 | |
| 3 | 231345 | 202313451 | 建筑库101/101建筑库 92排4列5层/ [索取号:TU4/W106] | 在馆 |